Vigencia del pensamiento de Concepción Arenal (Record no. 189504)

MARC details
000 -LEADER
campo de control de longitud fija 00890nam a2200205 i 4500
001 - NÚMERO DE CONTROL
campo de control 189504
003 - IDENTIFICADOR DE NÚMERO DE CONTROL
campo de control SpMaBN
005 - FECHA Y HORA DE LA ÚLTIMA TRANSACCIÓN
campo de control 20231222182431.0
008 - DATOS DE LONGITUD FIJA--INFORMACIÓN GENERAL
campo de control de longitud fija 190605s1969 sp |||| | spa d
080 ## - NÚMERO DE LA CLASIFICACIÓN DECIMAL UNIVERSAL
Número de la Clasificación Decimal Universal 929:34 Arenal, Concepción
100 1# - ENTRADA PRINCIPAL--NOMBRE DE PERSONA
Nombre de persona Castejón y Martínez de Arizala, Federico.
9 (RLIN) 36466
245 10 - MENCIÓN DEL TÍTULO
Título Vigencia del pensamiento de Concepción Arenal
Resto del título : discurso /
Mención de responsabilidad, etc. leído el día 30 de julio de 1968, en su recepción pública, por... D. Federico Castejón y Martínez de Arizala y contestación... D. Manuel Iglesias Corral.
260 ## - PUBLICACIÓN, DISTRIBUCIÓN, ETC.
Lugar de publicación, distribución, etc. Madrid :
Nombre del editor, distribuidor, etc. Academia Gallega de Jurisprudencia y Legislación,
Fecha de publicación, distribución, etc. 1969.
300 ## - DESCRIPCIÓN FÍSICA
Extensión 63 p. ;
Dimensiones 27 cm.
600 14 - PUNTO DE ACCESO ADICIONAL DE MATERIA--NOMBRE DE PERSONA
Nombre de persona Arenal, Concepción,
Fechas asociadas al nombre 1820-1893
9 (RLIN) 22591
700 1# - ENTRADA AGREGADA--NOMBRE PERSONAL
Nombre de persona Iglesias Corral, Manuel.
9 (RLIN) 158835
710 2# - ENTRADA AGREGADA--NOMBRE DE ENTIDAD CORPORATIVA
Nombre de entidad corporativa o nombre de jurisdicción como elemento de entrada Academia Gallega de Jurisprudencia y Legislación.
9 (RLIN) 1197
852 ## - LOCALIZACIÓN
Ubicación ES-MaACL
Número de control de estantería 2341-F-8
Holdings
Estatus retirado Estado de pérdida Estado de daño No para préstamo Colección Biblioteca de origen Biblioteca actual Ubicación en estantería Fecha de adquisición Fuente de adquisición Total de préstamos Signatura topográfica completa Código de barras Visto por última vez Precio de reemplazo Tipo de ítem Koha
        Colección de folletos Biblioteca del Ateneo de Madrid Biblioteca del Ateneo de Madrid Depósito folletos 05/06/2019     2341-F-8 1200796 23/02/2023 23/02/2023 Folleto